2010s Decade Quiz - Statistics

General Stats
  • This quiz has been taken 23 times
  • The average score is 10 of 15
Answer Stats
Hint Answer % Correct
Electric car company that became a tech and cultural phenomenon under Elon Musk. Tesla
95%
Which Olympic runner broke the 100m world record, cementing his status as the fastest man alive. Usain Bolt
95%
The virus that started in 2019 and caused global lockdowns and disrupted life worldwide. COVID-19
91%
US swimmer who became "the most decorated" Olympian of all time by 2012. Michael Phelps
91%
E-commerce giant that became the world’s largest online retailer, dominating the 2010s. Amazon
77%
First female Chancellor of Germany who served through most of the 2010s. Angela Merkel
77%
Country that gained independence in 2013. South Sudan
68%
The team that broke the 72-win record of the 1995–96 Chicago Bulls during the 2015–16 season. Golden State Warriors
59%
Canadian singer known for Starboy and The Hills, dominating pop and R&B charts in the 2010s. The Weeknd
59%
What 2010s platform let users post six-second looping videos Vine
55%
Movement across the Middle East and North Africa from 2010–2012 calling for democracy. Arab Spring
50%
The game that went viral in 2013/2014 and is associated with birds. Flappy Bird
50%
Popular battle royale game released in 2017 that sparked a global phenomenon. Fortnite
41%
What celestial phenomenon did scientists capture the first image of in 2019, confirming decades of theoretical predictions? Black hole
32%
NASA rover that landed on Mars in 2012 to explore the planet’s surface. Curiosity
14%
No matching quizzes found
Score Distribution
Percent of People with Each Score
Percentile by Number Answered
Your Score History
You have not taken this quiz